Vista normal
Vista MARC
Entrada Personal Name
Número de registros utilizados en: 1
001 - CONTROL NUMBER
- control field: 16739
003 - CONTROL NUMBER IDENTIFIER
- control field: Mx-PuUPA
005 - DATE AND TIME OF LATEST TRANSACTION
- control field: 20250212154107.0
008 - FIXED-LENGTH DATA ELEMENTS
- fixed length control field: 250212|| aca||aabn | a|a d
040 ## - CATALOGING SOURCE
- Original cataloging agency: Mx-PuUPA
- Language of cataloging: spa
- Transcribing agency: Mx-PuUPA
- Modifying agency: Mx-PuUPA
- Description conventions: rda
100 1# - HEADING--PERSONAL NAME
- Personal name: Denetro García, Claudia Monserrat,
373 ## - ASSOCIATED GROUP
- Associated group: Univeersidad de Málaga
- Associated group: Universidad de Santiago de Campostela
374 ## - OCCUPATION
- Occupation: Autora
- Occupation: Conferencista
- Occupation: Terapeuta
- Occupation: Escritora
375 ## - GENDER
- Gender: mujer
377 ## - ASSOCIATED LANGUAGE
- Language code: spa
400 1# - SEE FROM TRACING--PERSONAL NAME
- Personal name: García, Claudia Monserrat Denetro
670 ## - SOURCE DATA FOUND
- Source citation: El niño con dificultad para socializar: Guía para comprenderlo, ayudarlo y amarlo, 2017:
- Information found: t.p. ( Claudia Denetro) de portada